Les déterminismes et les êtres / (Record no. 13942)

MARC details
000 -LEADER
campo de control de longitud fija 00475nam a2200181 i 4500
001 - NÚMERO DE CONTROL
campo de control 13942
003 - IDENTIFICADOR DE NÚMERO DE CONTROL
campo de control ES-MaACL
005 - FECHA Y HORA DE LA ÚLTIMA TRANSACCIÓN
campo de control 20230906150710.0
007 - CAMPO FIJO DE DESCRIPCIÓN FÍSICA--INFORMACIÓN GENERAL
campo de control de longitud fija t|
008 - DATOS DE LONGITUD FIJA--INFORMACIÓN GENERAL
campo de control de longitud fija 980818s1938 fr ||||1| fre d
080 ## - NÚMERO DE LA CLASIFICACIÓN DECIMAL UNIVERSAL
Número de la Clasificación Decimal Universal 123
100 1# - ENTRADA PRINCIPAL--NOMBRE DE PERSONA
Nombre de persona Césari, Paul.
9 (RLIN) 37677
245 14 - MENCIÓN DEL TÍTULO
Título Les déterminismes et les êtres /
Mención de responsabilidad, etc. Paul Césari.
260 ## - PUBLICACIÓN, DISTRIBUCIÓN, ETC.
Lugar de publicación, distribución, etc. Paris :
Nombre del editor, distribuidor, etc. J. Vrin,
Fecha de publicación, distribución, etc. 1938.
300 ## - DESCRIPCIÓN FÍSICA
Extensión 450 p. ;
Dimensiones 25 cm.
650 14 - PUNTO DE ACCESO ADICIONAL DE MATERIA--TÉRMINO DE MATERIA
Término de materia o nombre geográfico como elemento de entrada Determinismo.
9 (RLIN) 11842
852 ## - LOCALIZACIÓN
Ubicación ES-MaACL
Número de control de estantería L-21181
Sublocalización o colección R.115726
Holdings
Estatus retirado Estado de pérdida Estado de daño No para préstamo Biblioteca de origen Biblioteca actual Ubicación en estantería Fecha de adquisición Fuente de adquisición Total de préstamos Signatura topográfica completa Código de barras Visto por última vez Precio de reemplazo Tipo de ítem Koha
        Biblioteca del Ateneo de Madrid Biblioteca del Ateneo de Madrid Depósito 2 17/01/2008     L-21181 1014186 23/02/2023 23/02/2023 Libro impreso